[Event "AUT-ch U18"]
[Site "Untersiebenbrunn"]
[Date "2012.04.01"]
[Round "1"]
[White "Ehs, Dominik"]
[Black "Zueger, Florian"]
[Result "1-0"]
[WhiteElo "1945"]
[BlackElo "1538"]
[PlyCount "81"]
[EventDate "2012.04.01"]
[EventType "swiss"]
[EventRounds "7"]
[EventCountry "AUT"]
[SourceTitle "CBM 147 Extra"]
[Source "ChessBase"]
[SourceDate "2012.04.24"]
[SourceVersion "1"]
[SourceVersionDate "2012.04.24"]
[SourceQuality "1"]

1. e4 e6 2. d4 d5 3. Nd2 dxe4 4. Nxe4 Nf6 5. Ng3 c5 6. Be3 cxd4 7. Bxd4 Nd5 8. Nf3 Nc6 9. Bc4 Nf4 10. 0-0 Nxd4 11. Nxd4 Bc5 12. Nb3 Qxd1 13. Raxd1 Bb6 14. Bb5+ Ke7 15. c4 a6 16. Ba4 e5 17. Rfe1 f6 18. c5 Bc7 19. Nd4 g6 20. b4 Rd8 21. Bb3 f5 22. a4 Nd3 23. Rxd3 Kf6 24. Red1 exd4 25. Rxd4 Be6 26. Bxe6 Kxe6 27. Kf1 Ke5 28. f4+ Ke6 29. Ke2 Rxd4 30. Rxd4 Rd8 31. Rxd8 Bxd8 32. Kd3 Kd5 33. Nf1 Bf6 34. Ne3+ Kc6 35. Kc4 Bg7 36. b5+ axb5+ 37. axb5+ Kc7 38. Kd5 Kd7 39. Nc4 Kc7 40. b6+ Kd7 41. Nd6 1-0

[Event "AUT-ch U18"]
[Site "Vienna"]
[Date "2011.04.17"]
[Round "2.9"]
[White "Zueger, Florian"]
[Black "Salletmeier, Julian"]
[Result "0-1"]
[WhiteElo "1496"]
[BlackElo "1882"]
[PlyCount "50"]
[EventDate "2011.04.17"]
[EventType "swiss"]
[EventRounds "7"]
[EventCountry "AUT"]
[SourceTitle "EXT 2024"]
[Source "ChessBase"]
[SourceDate "2023.10.10"]
[SourceVersion "1"]
[SourceVersionDate "2023.10.10"]
[SourceQuality "1"]

1. e4 c5 2. c3 e6 3. d4 d5 4. exd5 exd5 5. Nf3 Nf6 6. Be2 cxd4 7. Nxd4 Nc6 8. Be3 Be7 9. 0-0 0-0 10. Nd2 a6 11. N2f3 Ng4 12. Bf4 Bd6 13. Bxd6 Qxd6 14. h3 Nf6 15. Re1 Ne4 16. Bd3 f5 17. Rc1 Qg6 18. Nh4 Qh6 19. g3 Nxd4 20. cxd4 Nxf2 21. Kxf2 f4 22. g4 Qxh4+ 23. Kg2 f3+ 24. Kh2 Qf2+ 25. Kh1 Qg2# 0-1